000 00862nam a2200205 a 4500
001 000026712
005 20200930030352.0
008 110324t1960 dr ac 001 0 spa d
040 _aDO-SdBNP
_bspa
_cBNPHU
082 _aF-RD 63
110 2 _aPartido Dominicano
_914584
245 1 3 _aUn discurso del General y doctor Rafael L. Trujillo Hijo y seis comentarios acerca del mismo.
260 _aCiudad Trujillo, República Dominicana :
_bDel Caribe,
_c1960.
300 _a39 p. :
_bil., retrs. ;
_c23 cm.
650 4 _aTrujillo martínez, rafael leónidas (ramfis),
_d1929-1969
_xEnsayos, conferencias, etc.
_953822
650 4 _aIglesia y estado
_zRepública Dominicana
_xSiglo xx
_931455
651 4 _aRepública Dominicana
_xHistoria
_yERA DE TRUJILLO, 1930-1961
_xEnsayos, Conferencias, Etc.
_930520
910 _aValidado. Control de calidad EMS.
049 _aBNPD
999 _c26204
_d26204